Most Popular Stereotypes of Countries - Statistics

General Stats
  • This quiz has been taken 556 times
    271 since last reset
  • The average score is 13 of 17
Answer Stats
Stereoty Country % Correct
Pizza & Pasta Italy
98%
Anime, Videogames and Sushi Japan
97%
Tacos Mexico
97%
People eat dogs, bats, cats, snakes... China
96%
K-Pop and Samsung South Korea
95%
Vodka Russia | Belarus | Ukraine | Finland
94%
Croissant & Bagguetes France
93%
Beer (not including country of above) Germany | Czech Republic
84%
Chocolate & Waffles Belgium
80%
Ice (technically not THAT true) Iceland
80%
Kebab Turkey
80%
Samba, Carnival Brazil
77%
Lego Denmark
69%
Weed Netherlands | Jamaica
68%
"The Emerald Isle" Ireland
63%
Goulash Hungary
46%
Bankrupt Country but Beautiful Beaches Bulgaria | Greece
4%
No matching quizzes found
Score Distribution
Percent of People with Each Score
Percentile by Number Answered
Your Score History
You have not taken this quiz since the last reset